The 8086 and 80286 microprocessors : (Record no. 177016)
[ view plain ]
| 000 -LEADER | |
|---|---|
| fixed length control field | 01350 a2200217 4500 |
| 003 - CONTROL NUMBER IDENTIFIER | |
| control field | Nust |
| 005 - DATE AND TIME OF LATEST TRANSACTION | |
| control field | 20170207152538.0 |
| 010 ## - LIBRARY OF CONGRESS CONTROL NUMBER | |
| LC control number | 89016126 |
| 020 ## - INTERNATIONAL STANDARD BOOK NUMBER | |
| International Standard Book Number | 0132453258 |
| 040 ## - CATALOGING SOURCE | |
| Transcribing agency | Nust |
| 082 00 - DEWEY DECIMAL CLASSIFICATION NUMBER | |
| Classification number | 004.165 |
| 100 0# - MAIN ENTRY--PERSONAL NAME | |
| Personal name | Avtar Singh, |
| 245 14 - TITLE STATEMENT | |
| Title | The 8086 and 80286 microprocessors : |
| Remainder of title | hardware, software, and interfacing |
| Statement of responsibility, etc. | Avtar Singh, Walter A. Triebel. |
| 260 ## - PUBLICATION, DISTRIBUTION, ETC. | |
| Place of publication, distribution, etc. | Englewood Cliffs, N.J. : |
| Name of publisher, distributor, etc. | Prentice Hall, |
| Date of publication, distribution, etc. | c1990. |
| 300 ## - PHYSICAL DESCRIPTION | |
| Extent | xv, 560 p. : |
| Other physical details | ill. ; |
| Dimensions | 24 cm. |
| 505 ## - FORMATTED CONTENTS NOTE | |
| Formatted contents note | Introduction To Microprocessor And Microcomputers (Page-1),The 8086 Microprocessor (Page-16),8086 Microprocessor Programming 1 (Page-43),8086 Microprocessor Programming 2 (Page-108),Using The SDK-86 Microcomputer For Program Develop (Page-144),Memory Interface Of The 8086 Microprocessor (Page-187),Input/Output Interface Of The 8086 Microprocessor (Page-232),Interrupt Interface Of The8086 Microprocessor (Page-320),The Hardware Of The SDK-86 Microcomputer (Page-355),Software Architecture Of The 80286 Microprocessor (Page-383),Hardware Architecture Of The 80286 Microprocessor (Page-431),Suggested Laboratory Assignments (Page-487). |
| 650 #0 - SUBJECT ADDED ENTRY--TOPICAL TERM | |
| Topical term or geographic name entry element | Intel 80286 (Microprocessor) |
| 650 #0 - SUBJECT ADDED ENTRY--TOPICAL TERM | |
| Topical term or geographic name entry element | Intel 8086 (Microprocessor) |
| 700 1# - ADDED ENTRY--PERSONAL NAME | |
| Personal name | Triebel, Walter A. |
| 740 0# - ADDED ENTRY--UNCONTROLLED RELATED/ANALYTICAL TITLE | |
| Uncontrolled related/analytical title | Eight thousand eighty-six and eighty thousand two hundred eighty-six microprocessors. |
| 942 ## - ADDED ENTRY ELEMENTS (KOHA) | |
| Source of classification or shelving scheme | |
| Koha item type | Book |
| Withdrawn status | Lost status | Source of classification or shelving scheme | Damaged status | Not for loan | Collection code | Permanent Location | Current Location | Date acquired | Total Checkouts | Full call number | Barcode | Date last seen | Price effective from | Koha item type |
|---|---|---|---|---|---|---|---|---|---|---|---|---|---|---|
| Military College of Signals (MCS) | Military College of Signals (MCS) | 12/12/2016 | 004.165 SIN | MCS2139 | 12/08/2016 | 12/12/2016 | Book | |||||||
| Military College of Signals (MCS) | Military College of Signals (MCS) | 12/12/2016 | 004.165 SIN | MCS2144 | 12/08/2016 | 12/12/2016 | Book | |||||||
| Military College of Signals (MCS) | Military College of Signals (MCS) | 12/12/2016 | 004.165 SIN | MCS2145 | 12/08/2016 | 12/12/2016 | Book | |||||||
| Military College of Signals (MCS) | Military College of Signals (MCS) | 12/12/2016 | 004.165 SIN | MCS2147 | 12/08/2016 | 12/12/2016 | Book | |||||||
| Military College of Signals (MCS) | Military College of Signals (MCS) | 12/12/2016 | 004.165 SIN | MCS2148 | 12/08/2016 | 12/12/2016 | Book |
